000 00526cam a2200181 4500
001 D11474
008 090401t xxu||||| |||| 00| 0 eng d
035 _a(Sirsi) u98145
041 _aeng
050 _a696.9
100 _aScott-Beckett, A.
245 2 _aA case study of a warehouse to office conversion (synopsis only)
350 _a0
520 _aIn RICS. Energy conservation in buildings. Building Surveyors Division conference... Feb. 1979. 1979/6ABC
700 _aBoulton, A.L.
942 _n0
948 _c04/03/1997
999 _c99103
_d99103